000 00410nab a2200145Ia 4500
003 ES-SlBCS
005 20210601124307.0
008 140529s1978 xxu||||| |||| 00| 0 eng d
041 _aeng
100 1 _aSmall, Robin
_950218
245 0 0 _aEducational Praxis
_c Robin Small
650 0 4 _aPraxis Educacional
_9139305
773 0 _tEducational Theory
_gvol. 28, nº. 3, 1978, págs. 214-222
_wRev1399
942 _cAR
999 _c512458
_d512458